Kluby piłkarskie - Ekstraklasa 18/19 - Statystyki

Ogólne statystyki
  • Ten quiz został rozwiązany 1 404 razy
  • Średni wynik to 13 z 16
Statystyki odpowiedzi
Nazwa drużyny % Poprawnych
Legia Warszawa
99%
Lech Poznań
97%
Wisła Kraków
95%
Lechia Gdańsk
93%
Arka Gdynia
90%
Jagiellonia Białystok
88%
Cracovia
87%
Pogoń Szczecin
85%
Piast Gliwice
81%
Śląsk Wrocław
81%
Zagłębie Lubin
78%
Górnik Zabrze
76%
Wisła Płock
76%
Korona Kielce
75%
Zagłębie Sosnowiec
75%
Miedź Legnica
66%
Nie znaleziono quizów pasujących do podanych kryteriów
Rozkład punktacji
Procent ludzi z każdym wynikiem
Percentyl według liczby udzielonych odpowiedzi
Twoja historia wyników
Nie rozwiązałeś tego quizu